000 00711nam a2200241Ia 4500
003 OSt
005 20220923224342.0
006 a|||||r|||| 00| 0
007 ta
008 Pun
024 _a231,554
037 _cTextual
040 _aARTS
_cARTS
_bPun
041 _2Pun
_aPun
082 _aO153:g, M4
100 _aਬੇਦੀ, ਹਰਜੰਦ ਸਿੰਘ
_9156315
245 0 _aਗੁਖ਼ਤਗੂ
260 _aਅੰਮ੍ਰਿਤਸਰ
_b ਹਰਣਾਖਸੁ ਪਬਲੀਕੋFਨਗ਼
_c1984
300 _a96ਪੰ
_ccm.
650 _aਪੰਜਾਬੀ ਸਾਹਿਤ
942 _hO153:g, M4
_cTEXL
_2CC
999 _c370899
_d370899